California - Chappell Roan (All Lyrics) - Statistics

General Stats
  • This quiz has been taken 73 times
  • The average score is 216 of 240
Answer Stats
Lyrics % Correct
California
100%
go"
100%
I
100%
in
100%
me
100%
my
100%
My
100%
the
100%
The
100%
are
97%
Come
97%
get
97%
it
97%
of
97%
out
97%
To
97%
to
97%
you
97%
But
95%
"If
95%
make
95%
miss
95%
Missouri
95%
No
95%
Sea
95%
seasons
95%
that
95%
Then
95%
want
95%
was
95%
be
92%
down
92%
dying
92%
gonna
92%
I'd
92%
leaves
92%
never
92%
should
92%
and
89%
And
89%
brown
89%
'Cause
89%
going
89%
had
89%
hasn't
89%
let
89%
maybe
89%
proud
89%
say,
89%
things
89%
think
89%
wasn't
89%
yet
89%
almost
87%
cool
87%
happened
87%
most
87%
people
87%
Thought
87%
told
87%
town
87%
always
84%
where
84%
four
76%
myself
76%
states
76%
across
74%
dreams
74%
for
74%
stretched
74%
New
68%
coast,
66%
lay
66%
not
66%
sun
66%
west
66%
could
63%
Too
63%
Even
58%
love
58%
trade
58%
lands,
55%
endless
50%
foam
50%
amber
47%
stay
47%
rays
45%
true
45%
clay
42%
find
42%
persuade
42%
reasons
42%
roads
42%
hard
39%
No matching quizzes found
Score Distribution
Percent of People with Each Score
Percentile by Number Answered
Your Score History
You have not taken this quiz